Score 0/30 Timer 03:00
0 Plays Today
Hint 4-Letter Word % Correct
''Tick ____ goes the clock.''TOCK
97.9%
♪ Honky ____ Women ♪TONK
97.5%
♪ You Can't Always Get What You ____WANT
97.3%
♪ (I ____ Get No) Satisfaction ♪CAN'T
96.7%
♪ Jumpin' ____ Flash ♪JACK
96.3%
♪ ____ Is On My Side ♪TIME
95.6%
♪ Out Of ____TIME
95.6%
College athleteJOCK
94.8%
♪ ____ Spend The Night Together ♪LET'S
94.8%
♪ It's Only Rock'n'Roll (But I ____ It) ♪LIKE
92.2%
Not moreLESS
92.1%
Green citrus fruitLIME
91.7%
Large body of fresh waterLAKE
91%
Untidy stateMESS
90.9%
Musical pitchTONE
90.8%
Hint 4-Letter Word % Correct
MoistensWETS
88.8%
Huge bookTOME
87.6%
Actors in a movieCAST
87.6%
Major truck manufacturerMACK
86.2%
♪ ____ You ♪MISS
86%
Facial identity protectionMASK
85.5%
DepartedWENT
81.6%
Poe's amontillado containerCASK
80.2%
♪ Play With ____FIRE
78.3%
Charge for travelFARE
78.2%
Boils but not a verbWENS
70.5%
____ en place, food prepMISE
65.6%
Muck's partnerMIRE
64.4%
♪ Not ____ Away ♪FADE
58.6%
Load a shipLADE
55.9%

Today's Daily Dose

Remove Ads.
Support Sporcle.
Get the best of Sporcle when you Go Orange. This ad-free experience offers more features, more stats, and more fun while also helping to support Sporcle. Thank you for becoming a member.

You're not logged in!

Compare scores with friends on all Sporcle quizzes.
OR
Log In

Show Comments

Extras

Top Quizzes Today


Score Distribution

Your Account Isn't Verified!

In order to create a playlist on Sporcle, you need to verify the email address you used during registration. Go to your Sporcle Settings to finish the process.

Report this User

Report this user for behavior that violates our Community Guidelines.

Details: